Chemicy i Fizycy - Statystyki

Ogólne statystyki
  • Ten quiz został rozwiązany 38 razy
  • Średni wynik to 5 z 23
Statystyki odpowiedzi
Dziedzina Opis Imię i Nazwisko % Poprawnych
Chemia Odkrycie polonu i radu Maria i Pierre Curie
97%
Chemia Uporządkowanie odkrytych atomów i stworzenie miejsce dla niepoznanych Dmitrij Mendelejew
79%
Chemia Odkrycie metody pasteryzacji Louis Pasteur
61%
Chemia Stworzenie skali elektroujemności oraz kilku praw chemicznych Linus Pauling
58%
Chemia Odkrycie penicyliny Alexander Fleming
45%
Fizyka Stworzenie przełomowego dla mechaniki kwantowej modelu atomu wodoru Niels Bohr
39%
Chemia Model DNA Rosalind Franklin, James Watson, Francis Crick, Maurice Wilkins
21%
Fizyka Skroplenie powietrza, tlenu, azotu i dwutlenku węgla i odkrycie kaskadowej metody skraplania gazów Zygmunt Wróblewski, Karol Olszewski
15%
Chemia Opracowanie pierwotnej koncepcji świata złożonego z atomów Demokryt z Abdery, Leucyt z Miletu
12%
Fizyka Odkrycie promieniotwórczości Henri Becquerel
12%
Chemia Opracowanie współczesnej koncepcji świata złożonego z atomów John Dalton
9%
Chemia Potwierdzenie istnienia jądra atomowego oraz protonów, badania nad rozpadami promieniotwórczymi Ernest Rutherford
6%
Chemia Odkrycie plutonu, ameryku, kiuru, berkelu i kalifornu Glenn Seaborg
6%
Fizyka Badania nad przewodnictwem elektrycznym gazów, które doprowadziły do odkrycia elektronu Joseph Thomson
3%
Fizyka Rozszczepienie jądra atomowego Otto Hahn, Lise Meitner
3%
Chemia Podanie nowoczesnej definicji pierwiastka chemicznego, sformułowanie prawa dotyczącego zachowania gazu doskonałego w przemianie izotermicznej Robert Boyle
3%
Chemia Opracowanie metod laserowych pozwalających na badanie przebiegu i mechanizmu reakcji chemicznych w czasie rzeczywistym (femtosekund) Ahmed Zewail
0%
Chemia Opracowanie koncepcji świata zbudowanego z 4 żywiołów Empedokles z Akragas
0%
Fizyka Odkrycie neutronu James Chadwick
0%
Chemia Wyizolowanie i odkrycie tlenu, azotu, amoniaku i wielu innych substancji Joseph Priestley
0%
Chemia Cząsteczkowa budowa świata Robert Brown
0%
Chemia Opracowanie prawa ciśnienia osmotycznego Svante Arrhenius
0%
Chemia Odkrycie gazów szlachetnych i ustalenie ich miejsca w układzie okresowym William Ramsay
0%
Nie znaleziono quizów pasujących do podanych kryteriów
Rozkład punktacji
Procent ludzi z każdym wynikiem
Percentyl według liczby udzielonych odpowiedzi
Twoja historia wyników
Nie rozwiązałeś tego quizu